Statistics for Sacramento Kings 2000's Starters

Click here to take the quiz!

General Stats

  • This quiz has been taken 194 times
    (157 since last reset)
  • The average score is 8 of 19

Answer Stats

PlayerStarts% Correct
Chris Webber5
94%
Peja Stojaković5
91%
Mike Bibby6
89%
Vlade Divac5
84%
Jason Williams2
80%
Doug Christie4
60%
Brad Miller5
51%
Kevin Martin3
41%
Kenny Thomas2
29%
Ron Artest3
26%
Corliss Williamson1
21%
Jason Thompson1
21%
Bonzi Wells1
16%
Beno Udrih2
15%
Nick Anderson1
14%
Cuttino Mobley1
12%
John Salmons1
12%
Spencer Hawes1
12%
Mikki Moore1
11%

Score Distribution

Percentile by Number Answered

Percent of People with Each Score

Your Score History

You have not taken this quiz since the last reset